00398cam a22001097a 4500008004000000082001700040100002000057245014100077260002900218300001000247650003100257180718b1958 xxu||||| |||| 00| 0 eng d aT391x43 C436 aChild, Frank C. aThe theory and practice of exchange control in Germany: a study of monopolistic exploitation in international marketscby Frank C. Child aThe HaugebNijhoffc1958 a241p. aForeign Exchange - Germany